Data networks

Saved in:
Bibliografiske detaljer
Main Authors: Bertsekas, Dimitri P (Author), Gallager, Robert (Author)
Format: Bog
Sprog:engelsk
Udgivet: Upper Saddle River Prentice-Hall 1992
Udgivelse:2a. ed
Fag:
Tags: Tilføj Tag
Ingen Tags, Vær først til at tagge denne postø!

MARC

LEADER 00000nam a2200000 a 4500
001 UCL3569
003 CL-VaPUC
008 031128e19920000us |||||||||||||||||eng|d
020 |a 0132009161 
082 0 4 |a 004.6  |b BER  |2 21 
100 0 |a Bertsekas, Dimitri P  |e author  |9 480899 
700 0 |a Gallager, Robert  |e author  |9 480900 
245 1 0 |a Data networks 
250 |a 2a. ed 
300 |a 556 p 
942 |c BK 
945 |d 20031128 00:00:00  |a cmena 
260 |a Upper Saddle River  |b Prentice-Hall  |c 1992 
650 0 |a Bases de datos   |9 260577 
650 7 |a REDES  |2 CL-VaPUC  |9 366308 
650 7 |a SISTEMAS DE TRANSMISION DE DATOS  |2 CL-VaPUC  |9 263294 
583 |a last modification  |c 20150424 04:22:53  |k Rodrigo Vera 
999 |c 306589  |d 306587 
952 |0 0  |1 0  |4 0  |6 004_600000000000000_BER_1992  |7 0  |8 A  |9 371699  |a BIBING  |b BIBING  |d 2019-11-21  |i 3969746  |l 1  |o 004.6 BER 1992  |p 3969746  |r 2024-01-25  |s 2020-07-24  |w 2019-11-21  |y BK  |k EIE